000 00392 a2200133 4500
001 68363
082 _a954.913122 TAR
090 _c38658
_d38658
100 _aTariq Ismail Sagar
245 _aPakistan Par Aalami Dehshatgardo ka hamla (Urdu)
_hUrdu
_cTariq Ismail Sagar
260 _aLahore Pakistan
_cSagar Publications Lahore
_b2010
300 _a352p
600 _aTariq Ismail Sagar
942 _aCAE NUST
_k954.913122 TAR
999 _c303436
_d303436